000 00737nas a2200229 i 4500
001 5368
003 ES-MaACL
005 20230908124418.0
007 h
008 900509m1989 lu | b s|0010||pa d
080 _a05(435.9)(083.6)
080 _a341.232.3(4)(05)(083.86)
245 0 0 _aDiario Oficial de las Comunidades Europeas. Índice Metodológico [
_hMicroforma].
250 _aEd. española.
260 _aLuxemburg :
_bOficina de Publicaciones Oficiales de las Comunidades Europeas,
_c1989-
300 _amicrofichas :
_bnegativo.
500 _aPeriodicidad mensual.
710 2 _aComunidades Europeas.
_93139
852 _aES-MaACL
_jMCF-70
_95485
_cDEPO1
942 _2udc
_cMICROFORMA
999 _c5368
_d5368